000 00320 a2200145 4500
001 51366
020 _a
040 _cAnchieta - Pituba
100 _aMara
240 1 0 _a2ª Português, I unidade
_lpor
245 1 0 _a2ª Português, I unidade
300 _a8
650 4 _aLínguas espanhola e portuguesa
942 _cBK
999 _c51366
_d51366